Statistics for ATP Tournament Winners 2021

Click here to take the quiz!

General Stats

  • This quiz has been taken 37 times
  • The average score is 42 of 60

Answer Stats

TournamentAnswer% Correct
US OPENAugustDaniil Medvedev
100%
Mallorca ChampionshipsJuneDaniil Medvedev
100%
National Bank OpenAugustDaniil Medvedev
100%
Open 13 ProvenceMarchDaniil Medvedev
100%
Rolex Paris MastersNovemberNovak Djokovic
100%
FRENCH OPENMayNovak Djokovic
100%
Belgrade OpenMayNovak Djokovic
100%
WIMBLEDONJuneNovak Djokovic
100%
AUSTRALIAN OPENFebruaryNovak Djokovic
100%
Internazionali BNL d'ItaliaMayRafael Nadal
100%
Barcelona Open Banc SabadellAprilRafael Nadal
100%
TOKYO OLYMPICSJulyAlexander Zverev
94%
Mutua Madrid OpenMayAlexander Zverev
94%
Western & Southern OpenAugustAlexander Zverev
94%
Erste Bank OpenOctoberAlexander Zverev
94%
ABN AMRO World Tennis TournamentMarchAndrey Rublev
88%
Rolex Monte-Carlo MastersAprilStefanos Tsitsipas
88%
Open Parc Auvergne-Rhone-Alps LyonMayStefanos Tsitsipas
88%
Generali OpenJulyCasper Ruud
84%
Gonet Geneva OpenMayCasper Ruud
84%
Nordea OpenJulyCasper Ruud
84%
Swiss Open GstaadJulyCasper Ruud
84%
San Diego OpenSeptemberCasper Ruud
84%
Great Ocean Road OpenFebruaryJannik Sinner
84%
European OpenOctoberJannik Sinner
84%
Sofia OpenSeptemberJannik Sinner
84%
Citi OpenAugustJannik Sinner
84%
Plava Laguna Croatia OpenJulyCarlos Alcaraz
81%
BNP Paribas OpenOctoberCameron Norrie
75%
Mifel OpenJulyCameron Norrie
75%
Serbia OpenAprilMatteo Berrettini
72%
Cinch ChampionshipsJuneMatteo Berrettini
72%
Atlanta OpenJulyJohn Isner
69%
Dubai Duty Free Tennis ChampionsMarchAslan Karatsev
66%
VTB Kremlin CupOctoberAslan Karatsev
66%
Delray Beach OpenJanuaryHubert Hurkacz
63%
Mercedes CupJuneMarin Cilic
63%
St Petersburg OpenOctoberMarin Cilic
63%
Hamburg European OpenJulyPablo Carreno Busta
63%
Andalucia OpenAprilPablo Carreno Busta
63%
Murray River OpenFebruaryDaniel Evans
59%
Chile OpenMarchCristian Garin
56%
Viking International EastbourneJuneAlex De Minaur
50%
Antalya OpenJanuaryAlex De Minaur
50%
Sardegna OpenAprilLorenzo Sonego
47%
Laver CupSeptemberTeam Europe
47%
Noventi OpenJuneUgo Humbert
47%
Open Sud de FranceFebruaryDavid Goffin
44%
Qatar OpenMarchNikoloz Basilashvili
44%
BMW Open MunichAprilNikoloz Basilashvili
44%
Cordoba OpenFebruaryJuan Manuel Cerundolo
41%
ATP CupFebruaryRussia
41%
Emilia-Romagna OpenMaySebastian Korda
41%
Millennium Estoril OpenAprilAlbert Ramos-Vinolas
34%
Argentina OpenMarchDiego Schwartzmann
31%
Hall of Fame OpenJulyKevin Anderson
28%
Singapore Tennis OpenFebruaryAlexei Popyrin
22%
Winston-Salem OpenAugustIlya Ivashka
22%
Astana OpenSeptemberSoonwoo Kwon
22%
Moselle OpenSeptemberHubert Kurkacz
0%

Score Distribution

Percentile by Number Answered

Percent of People with Each Score

Your Score History

You have not taken this quiz